Statistics for Horrible Histories Theme Song

Click here to take the quiz!

General Stats

  • This quiz has been taken 218 times
  • The average score is 20 of 23

Answer Stats

HintAnswer% Correct
Terrible _______Tudors
99%
Vile _______Victorians
99%
Gorgeous _______Georgians
98%
we do that. And your host a talking _______Rat
96%
Welcome to _______Horrible Histories
95%
The past is no longer a _______Mystery
93%
Slimy _______Stuarts
93%
Vicious _______Vikings
93%
Awful _______Egyptians
91%
Ferocious _______Fights
91%
Daring _______Knights
91%
Mean and Measly _______Middle Ages
91%
Woeful _______Wars
90%
Cut-throat _______Celts
89%
Groovy _______Greeks
88%
Dingy _______Castles
87%
Gory _______Stories
85%
Punishments from _______Ancient Times
80%
Horrors that defy _______Description
80%
Romans,Rotten,Rank and _______Ruthless
77%
Cruel _______Crimes
74%
Cavemen, Savage, Fearsome _______Toothless
71%
Brainy _______Sages
60%

Score Distribution

Percentile by Number Answered

Percent of People with Each Score

Your Score History

You have not taken this quiz